01813nam a2200373Ia 4500001001200000003000800012006001900020007001500039008004100054010001700095020003900112020003600151040002100187035002100208050002700229111006500256245017100321250001200492260004800504300006200552500017700614504005100791533015200842650004600994650002901040650006901069651005601138655002901194700002701223700003101250710001701281856012601298999001501424ebr10273659CaPaEBRm u cr cn|||||||||080620s2008 txuabf sb 101 0 eng d z 2008027539 z9780292718678 (cloth : alk. paper) z0292718675 (cloth : alk. paper) aCaPaEBRcCaPaEBR a(OCoLC)30990617614aF3430.1.M6bA78 2008eb2 aD.J. Sibley Family Conferencen(4th :d2003 :cAustin, Tex.)14aThe art and archaeology of the Mocheh[electronic resource] :ban ancient Andean society of the Peruvian north coast /cedited by Steve Bourget and Kimberly L. Jones. a1st ed. aAustin :bUniversity of Texas Press,c2008. axiii, 291 p., [8] p. of plates :bill. (some col.), maps. aPapers originally presented at the Fourth D.J. Sibley Family Conference held at the Department of Art and Art History at the University of Texas at Austin in November 2003. aIncludes bibliographical references and index. aElectronic reproduction.bPalo Alto, Calif. :cebrary,d2009.nAvailable via World Wide Web.nAccess may be limited to ebrary affiliated libraries. 0aMochica IndiansxAntiquitiesvCongresses. 0aMochica artvCongresses. 0aExcavations (Archaeology)zPeruzMoche River ValleyvCongresses. 0aMoche River Valley (Peru)xAntiquitiesvCongresses. 7aElectronic books.2local1 aBourget, Steve,d1956-1 aJones, Kimberly L.,d1979-2 aebrary, Inc.40uhttp://site.ebrary.com/lib/rucke/Doc?id=10273659zAn electronic book accessible through the World Wide Web; click to view c6954d6954